|
|
|
|
| LEADER |
01935nam a22004572a 4500 |
| 001 |
000198005 |
| 003 |
CZ BrMZK |
| 005 |
20210715145329.0 |
| 007 |
ta |
| 008 |
021111s1990 xr f |||| 0 cze d |
| 015 |
|
|
|a cnb000785105
|
| 020 |
|
|
|a 80-7078-025-8
|q (brož.) :
|c 4,70 Kčs
|
| 035 |
|
|
|a (OCoLC)39429548
|
| 040 |
|
|
|a BOA001
|b cze
|
| 072 |
|
7 |
|a 51
|x Matematika
|2 Konspekt
|9 13
|
| 072 |
|
7 |
|a 37.016
|x Učební osnovy. Vyučovací předměty. Učebnice
|2 Konspekt
|9 22
|
| 080 |
|
|
|a 51
|2 MRF
|
| 080 |
|
|
|a 517.3
|2 MRF
|
| 080 |
|
|
|a (075.8)
|2 MRF
|
| 100 |
1 |
|
|a Burda, Pavel,
|d 1947-
|7 ntka172127
|4 aut
|
| 245 |
1 |
0 |
|a Cvičení z matematiky IV. /
|c Pavel Burda, Jarmila Doležalová
|
| 250 |
|
|
|a 1. vyd.
|
| 260 |
|
|
|a Ostrava :
|b Vysoká škola báňská,
|c 1990
|
| 300 |
|
|
|a 75 s. :
|b il. ;
|c 30 cm
|
| 500 |
|
|
|a Dotisk r. 1999
|
| 500 |
|
|
|a 2000 výt., dotisk 1000 výt.
|
| 504 |
|
|
|a Obsahuje bibliografii
|
| 521 |
8 |
|
|a Určeno pro posluchače 1. a 2. roč. všech fakult Vysoké školy báňské
|
| 650 |
0 |
7 |
|a matematika
|7 ph117231
|x úlohy
|2 czenas
|
| 650 |
0 |
7 |
|a integrální počet
|7 ph121134
|x úlohy
|2 czenas
|
| 655 |
|
7 |
|a učebnice vysokých škol
|7 fd133772
|2 czenas
|
| 700 |
1 |
|
|a Doležalová, Jarmila,
|d 1948-
|7 ola2004204875
|4 aut
|
| 856 |
4 |
1 |
|u http://www.digitalniknihovna.cz/mzk/uuid/uuid:80cf3a20-0047-11e4-9789-005056827e52
|y Digitalizovaný dokument
|x NDK
|
| 910 |
|
|
|a BOA001
|b TK-A-0246.935,4
|b 4-0964.724
|b 4-1055.444
|
| 920 |
|
|
|a 000394124
|
| 990 |
|
|
|a BK
|
| 991 |
|
|
|b 200804
|
| 996 |
6 |
|
|b 2610086389
|c 4-1055.444
|l MZK
|r Sklad / do 1 hodiny
|n 3
|p p.v.
|w 000198005
|u 000040
|a 1
|e BOA001
|j MZK50
|s P
|
| 996 |
7 |
|
|b 2629992547
|c TK-A-0246.935/4
|l MZK
|r Sklad / do 24 hodin
|n 0
|w 000198005
|u 000020
|a 1
|e BOA001
|j MZK50
|s A
|
| 996 |
7 |
|
|b 2629992548
|c TK-A-0246.935/4
|l MZK
|r Sklad / do 24 hodin
|n 2
|w 000198005
|u 000010
|a 1
|e BOA001
|j MZK50
|s A
|
| 996 |
7 |
|
|b BC-573307
|c 4-0964.724
|l MZK
|r Sklad / do 1 hodiny
|n 0
|w 000198005
|u 000030
|a 1
|e BOA001
|j MZK50
|s A
|